Steven Spielberg
Kaydedildi:
| Yazar: | |
|---|---|
| Materyal Türü: | Kitap |
| Dil: | İspanyolca |
| Baskı/Yayın Bilgisi: |
Madrid
JC
1983
|
| Seri Bilgileri: | Directores de Cine, 12
|
| Konular: | |
| Etiketler: |
Etiketle
Etiket eklenmemiş, İlk siz ekleyin!
|
MARC
| LEADER | 00000nam a2200000 a 4500 | ||
|---|---|---|---|
| 001 | UCO4995 | ||
| 003 | CL-VaPUC | ||
| 008 | 000825e19830000SP |||||||||||||||||spa|d | ||
| 082 | 0 | 4 | |a 791.4309 |b KAU |2 21 |
| 100 | 0 | |a Kaufman, David |e author |9 449715 | |
| 245 | 1 | 0 | |a Steven Spielberg |
| 300 | |a 90 p | ||
| 942 | |c BK | ||
| 945 | |d 20000825 00:00:00 |a crobeson | ||
| 260 | |a Madrid |b JC |c 1983 | ||
| 600 | 0 | 7 | |a SPIELBERG, STEVEN |2 CL-VaPUC |9 329532 |
| 650 | 0 | |a Directores de cine |9 368705 | |
| 650 | 7 | |a REALIZADORES CINEMATOGRAFICOS |2 CL-VaPUC |9 355120 | |
| 650 | 7 | |a PRODUCTORES DE CINE |2 CL-VaPUC |9 358580 | |
| 650 | 0 | |a Biografías |9 255210 | |
| 650 | 7 | |a CINE ESTADOUNIDENSE |2 CL-VaPUC |9 449636 | |
| 583 | |a last modification |c 20000825 00:00:00 |k Rodrigo Vera | ||
| 490 | 0 | |a Directores de Cine, 12 | |
| 999 | |c 290952 |d 290950 | ||
| 952 | |0 0 |1 0 |4 0 |6 791_430900000000000_KAU_1983 |7 0 |8 R |9 340584 |a BIBART |b BIBART |d 2019-11-20 |i 1217801 |o 791.4309 KAU 1983 |p 1217801 |r 2025-03-13 |w 2019-11-20 |y BK_R |k ART | ||